000 00343pab a2200145 454500
008 180718b2002 xxu||||| |||| 00| 0 eng d
100 _aMartis, Clifford
245 _aCreativity : a vital tool for management
260 _c2002
300 _ap.M-4.
362 _a13 Mar
650 _aManagement
773 _aDeccan Herald
909 _a52721
999 _c52721
_d52721